000 00408nam a2200157 4500
001 148278
003 ES-MaACL
005 20230906202530.0
007 t|
008 070214s1914 sp r ||||1| spa d
100 1 _aDr. Starp.
_945565
245 1 0 _aOpoterapia /
_cDr. Starp.
260 _aBarcelona :
_b[s. n.],
_c1914 (
_fImp. JoaquĆ­n Horta)
300 _a252 p. ;
_c17 cm.
852 _aES-MaACL
_jG-15348
999 _c148278
_d148278